|
|
|
|
| LEADER |
00000nab a2200000uu 4500 |
| 001 |
vtls011139554 |
| 003 |
SK-MaSNL |
| 005 |
20260303125658.0 |
| 008 |
230218|2010 xo |||||||||||||||||cze| |
| 015 |
|
|
|a SNBRB
|
| 035 |
|
|
|a (urnnbn)urn:nbn:sk:snk:ar-007wya
|
| 035 |
|
|
|a (uuid)3b3ae046-efe8-4045-9ceb-2c13524d062a
|
| 035 |
|
|
|a urn:nbn:sk:snk-abaroz
|
| 040 |
|
|
|a SNKBUCL
|b slo
|c SNKBUCL
|e AACR2
|
| 041 |
0 |
|
|a cze
|
| 044 |
|
|
|a xo
|c SK
|
| 100 |
1 |
|
|a Drábek, P.
|4 aut
|9 1144078
|
| 245 |
1 |
0 |
|a Léčivé přípravky v Obnoveném pražském dispensatoriu z roku 1750 :
|b I. část - úvod a prvních devět tříd lékových forem
|c P. Drábek
|
| 773 |
0 |
|
|t Česká a slovenská farmacie : časopis České farmaceutické společnosti a Slovenské farmaceutické společnosti
|g Roč. 59, č. 5 (2010), s. 227-233
|
| 954 |
|
|
|a odborná, vedecká literatúra cudzojazyčná (svetová)
|2 lita
|
| 958 |
|
|
|a OND
|
| 958 |
|
|
|a EUIPO
|
| 958 |
|
|
|a article14
|
| 999 |
|
|
|c 1935721
|d 1937651
|